| 000 | 00603nam a2200205 a 4500 | ||
|---|---|---|---|
| 001 | 37982 | ||
| 003 | (BD-RjUL) | ||
| 005 | 20211209052712.0 | ||
| 008 | 150820r20072010ii ||||| |||| 00| 0 eng d | ||
| 020 | _a9788175962941 | ||
| 035 | _a(BD-RjUL) | ||
| 082 |
_222 _a428.24 _bSAL |
||
| 100 |
_aSasikumar, V. _9117649 |
||
| 245 |
_aA Course in Listening & Speaking II/ _cV. Sasikumar, P. Kiranmai Dutt, Geetha Rajeevan. |
||
| 300 |
_a186p. _c28 cm. + _eCD |
||
| 650 |
_aEnglish Language _zBritish _9117655 |
||
| 700 |
_aDutt, P. Kiranmai. _9117650 |
||
| 700 |
_aRajeevan, Geetha. _9117651 |
||
| 942 |
_2ddc _cAVM |
||
| 999 |
_c37982 _d37982 |
||